000 00982nas a2200289 4500
001 BR0903759
003 BR-BrBNA
005 20231205113447.0
007 ta
008 230509b bl.|||p| |||| 00| 00por d
040 _aBR-BrBNA
_bpor
_cBiblioteca Nacional de Agricultura
041 _a(Pt)
072 _aQ03; E70
100 1 _aCosta, B.G.
100 1 _aLacerda, L.D. de
245 1 _aConcentração de mercúrio total em cavala, Scomberomorus cavalla, e serra, Scomberomorus brasiliensis, comercializadas nas bancas de pescado do Mucuripe, Fortaleza, Ceará
650 _aCAVALA VERDADEIRA
650 _aPEIXE SERRA
650 _aMERCÚRIO
650 _aCONTAMINAÇÃO
650 _aCOMERCIALIZAÇÃO
650 _aMERCADO
773 0 _tArquivos de Ciências do Mar (Brazil)
_xISSN 0374-5686
_g(2009), v. 42(1) p. 22-29
_wBR0903759
856 4 0 _uhttp://www.aprh.pt/rgci/pdf/rgci-155_Borges.pdf
909 _a202311
_bLúcia
_c55
_dLúcia Elande
942 _2AGRIS
_n0
_cANA
999 _c203891
_d203891